Koncepčné riešenie pohonu elektrického vozidla VW e-Up s pohonom všetkých kolies
Salvato in:
| Autore principale: | |
|---|---|
| Altri autori: | |
| Natura: | Manoscritto Libro |
| Lingua: | slovacco |
| Pubblicazione: |
2020
|
| Soggetti: | |
| Accesso online: | http://is.stuba.sk/zp/portal_zp.pl?podrobnosti=143972 |
| Tags: |
Nessun Tag, puoi essere il primo ad aggiungerne!!
|
MARC
| LEADER | 00000ntm a22000003a 4500 | ||
|---|---|---|---|
| 001 | stuzp81419 | ||
| 003 | SK-STU | ||
| 005 | 20200711211135.2 | ||
| 007 | ta | ||
| 008 | 150427s2015----xo-----f-mn---000-0-slo-d | ||
| 040 | |a STU |b slo | ||
| 041 | 0 | |a slo | |
| 100 | 1 | |a Nedvěd, Ivan |u 020030 |4 aut |U SjF Strojnícka fakulta |T SjF Ústav dopravnej techniky a konštruovania |X 93171 |U J0030 |Y 806 |7 93171 | |
| 242 | 0 | 1 | |a Conceptual design of the VW e-Up electric vehicle four wheel drive |y eng |
| 245 | 1 | 0 | |a Koncepčné riešenie pohonu elektrického vozidla VW e-Up s pohonom všetkých kolies |
| 260 | |c 2020 | ||
| 650 | 4 | |a electric car |2 eng | |
| 650 | 4 | |a power train |2 eng | |
| 650 | 4 | |a gearbox |2 eng | |
| 650 | 4 | |a Electric motor |2 eng | |
| 650 | 4 | |a prevodovka |2 slo | |
| 650 | 4 | |a Elektromotor |2 slo | |
| 650 | 4 | |a elektromobil |2 slo | |
| 650 | 4 | |a hnací mechanizmus |2 slo | |
| 700 | 1 | |a Milesich, Tomáš |u 020030 |k Z2 |4 ths |U SjF Strojnícka fakulta |T SjF Ústav dopravnej techniky a konštruovania |X 49630 |U J0030 |Y 806 |7 A000049630 | |
| 856 | 4 | |u http://is.stuba.sk/zp/portal_zp.pl?podrobnosti=143972 | |